Defensa del sentido común y otros ensayos
Guardat en:
| Autor principal: | |
|---|---|
| Format: | Llibre |
| Publicat: |
Barcelona, España
Ediciones Orbis
1983
|
| Matèries: | |
| Etiquetes: |
Afegir etiqueta
Sense etiquetes, Sigues el primer a etiquetar aquest registre!
|
MARC
| LEADER | 00000nam a22000007a 4500 | ||
|---|---|---|---|
| 020 | |a 84-7530-432-X | ||
| 100 | |a Moore, George Edward | ||
| 245 | |a Defensa del sentido común y otros ensayos | ||
| 260 | |a Barcelona, España |b Ediciones Orbis |c 1983 | ||
| 300 | |a 321, 4 hojas, | ||
| 500 | |a Contiene: índice | ||
| 650 | 0 | |a FILOSOFÍA |9 5 | |
| 650 | 0 | |a ENSAYO | |
| 650 | 0 | |a SENTIDO COMÚN | |
| 650 | 0 | |a PRUEBA DEL MUNDO EXTERIOR | |
| 650 | 0 | |a ESCEPTICISMO | |
| 650 | 0 | |a CERTEZA | |
| 650 | 0 | |a HECHOS PROPOSICIONES | |
| 650 | 0 | |a EXISTENCIA | |
| 650 | 0 | |a TEORÍA DE LAS DESCRIPCIONES | |
| 650 | 0 | |a CONFERENCIA DE WITTGENSTEIN DE 1930 A 1933 | |
| 942 | |c 15 D | ||
| 999 | |c 30939 |d 30939 | ||



